Slovenský penzijný systém v modeli dlhodobého rastu
Opis slovenského dôchodkového systému v rámci modelu dlhodobého rastu Slovenska. Návrh drobných rozšírení modelu pre opis celkových príjmov dôchodkového systému a prezentovanie projekcie vývoja slovenskej ekonomiky počas obdobia 2012‐2045, generované prostredníctvom makroekonomického modelu pre sce...
Uložené v:
| Hlavný autor: | |
|---|---|
| Médium: | Kapitola |
| Jazyk: | Slovak |
| Predmet: | |
| Tagy: |
Žiadne tagy, Buďte prvý, kto otaguje tento záznam!
|
MARC
| LEADER | 00000naa a2200000 4500 | ||
|---|---|---|---|
| 001 | 0228610 | ||
| 005 | 20220426095256.1 | ||
| 041 | 0 | |a slo | |
| 044 | |a SK | ||
| 245 | 1 | 0 | |a Slovenský penzijný systém v modeli dlhodobého rastu |c Filip Ostrihoň |
| 520 | |a Opis slovenského dôchodkového systému v rámci modelu dlhodobého rastu Slovenska. Návrh drobných rozšírení modelu pre opis celkových príjmov dôchodkového systému a prezentovanie projekcie vývoja slovenskej ekonomiky počas obdobia 2012‐2045, generované prostredníctvom makroekonomického modelu pre scenáre konštantného a zvyšujúceho sa veku odchodu do dôchodku. | ||
| 610 | 2 | 0 | |a fondy penzijné |
| 610 | 2 | 0 | |a modely rastu |
| 610 | 2 | 0 | |a modely makroekonomické |
| 610 | 2 | 0 | |a systémy dôchodkové |
| 100 | 1 | |a Ostrihoň, Filip | |